مقدمہ تاریخی زبان اردو / (Record no. 108743)

MARC details
000 -LEADER
fixed length control field 00891nam a22002657a 4500
005 - DATE AND TIME OF LATEST TRANSACTION
control field 20170123162344.0
010 ## - LIBRARY OF CONGRESS CONTROL NUMBER
LC control number A-281707
020 ## - INTERNATIONAL STANDARD BOOK NUMBER
Terms of availability 35.00
035 ## - SYSTEM CONTROL NUMBER
System control number A-281707
037 ## - SOURCE OF ACQUISITION
Source of stock number/acquisition Cen Lib/Ret
040 ## - CATALOGING SOURCE
Original cataloging agency DPL
Language of cataloging UR
082 ## - DEWEY DECIMAL CLASSIFICATION NUMBER
Classification number 840.9
Item number م س ع
100 ## - MAIN ENTRY--PERSONAL NAME
Personal name مسعود حسین خان
9 (RLIN) 129805
245 ## - TITLE STATEMENT
Title مقدمہ تاریخی زبان اردو /
Statement of responsibility, etc مسعود حسین خان
246 ## - VARYING FORM OF TITLE
Title proper/short title Muqaddama tareekhi zabaan urdu /
Remainder of title by Masood Husain Khan
260 ## - PUBLICATION, DISTRIBUTION, ETC. (IMPRINT)
Place of publication, distribution, etc علیگڑھ
Name of publisher, distributor, etc ایجوکیشنل بک ہاؤس
Date of publication, distribution, etc 1987
270 ## - ADDRESS
City علیگڑھ
Address مسلم یونیورسٹی مارکیٹ
300 ## - PHYSICAL DESCRIPTION
Extent 274p.
Dimensions 17cm(Hb)
500 ## - GENERAL NOTE
General note کتابیات
650 ## - SUBJECT ADDED ENTRY--TOPICAL TERM
Topical term or geographic name as entry element ادب -- اردو
9 (RLIN) 129806
650 ## - SUBJECT ADDED ENTRY--TOPICAL TERM
Topical term or geographic name as entry element تاریخ
9 (RLIN) 129807
650 ## - SUBJECT ADDED ENTRY--TOPICAL TERM
Topical term or geographic name as entry element Literature -- Literature
9 (RLIN) 82243
650 ## - SUBJECT ADDED ENTRY--TOPICAL TERM
Topical term or geographic name as entry element Hisstory
9 (RLIN) 129808
942 ## - ADDED ENTRY ELEMENTS (KOHA)
Source of classification or shelving scheme Dewey Decimal Classification
Koha item type Urdu Bks
Classification part 840.9
Call number suffix م س ع
Holdings
Withdrawn status Lost status Damaged status Not for loan Home library Current library Date acquired Source of acquisition Cost, normal purchase price Total Checkouts Total Renewals Full call number Barcode Date last seen Date checked out Copy number Cost, replacement price Price effective from Koha item type
        Central Library Central Library 03/02/2016 Cen Lib/Ret 35.00 1 1 840.9 م س ع A-281707 25/01/2018 28/12/2017 1 35.00 03/02/2016 Urdu Bks

© Delhi Public Library
Hit Counter
free hit counter